000 00825nam a2200253Ia 4500
003 OSt
005 20220927110339.0
006 a|||||r|||| 00| 0
007 ta
008 220926b |||||||| |||| 00| 0 eng d
024 _a55413
037 _cReports
040 _aRTL
_cRTL
_beng
041 _2eng
_aeng
082 _a"X:9H5.236.n55t4, J8/GD"
110 _a"Punjab, (Government of...). Economic Inquiry (Board of...)"
_9376351
245 0 _aSurvey of urban unemployment in Punjab
260 _aChandigarh
_bController of Printing and Stationery India
_c1958
300 _a106p.
_ccm.
650 _aLabour Economics
700 _a"Punjab, (Government of...). Economic Inquiry (Board of...)"
_9376352
942 _h"X:9H5.236.n55t4, J8/GD"
_cCC
999 _c695641
_d695641